| 000 | 00790cam a22002054a 4500 | ||
|---|---|---|---|
| 005 | 20250605164009.0 | ||
| 008 | 250528s ||||||||||||||||||||||||d | ||
| 035 | _a15900 | ||
| 020 | _a321313798 | ||
| 040 |
_aGR-AtMCL _bgre _dGR-AtMCL _eAACR2 |
||
| 245 | 1 | _aSoftware Engineering / Eighth Edition | |
| 250 | _a8th | ||
| 260 |
_bAddison-Wesley Publishing Company, _c2007 |
||
| 300 | _a842 | ||
| 520 | _aIncludes the latest developments in software engineering theory and practice, integrated with relevant aspects of systems engineering. Preface, Overview, Requirements, Design, Development, Verification and Validation, Managing People, Emerging Technologies, , Glossary, References, Index. | ||
| 700 | 1 |
_aSommerville Ian _91932 |
|
| 942 | _cBK | ||
| 999 |
_c1448 _d1448 |
||